000 00730nam a2200277Ia 4500
003 OSt
005 20220912151544.0
006 a|||||r|||| 00| 0
007 ta
008 220909b |||||||| |||| 00| 0 eng d
024 _a14342
037 _cTextual
040 _aCSL
_beng
_cCSL
041 _aeng
082 _aCM65, J9;L1;3 TC
100 _aLandau L D
245 0 _aClassical theory of fields
250 _a3rd
260 _aOxford
_bPergamon Press
_c1971
300 _a374p.
_ccm.
500 _aIndex 371-374p.
_ccm.
650 _aClassical electrodynamics
700 _a Lifshitz E M
942 _hCM65, J9;L1;3 TC
_cTEXL
_2CC
999 _c71234
_d71234